Introductory quantum optics / (Record no. 30311)
[ view plain ]
| 000 -LEADER | |
|---|---|
| fixed length control field | 01098 a2200217 4500 |
| 020 ## - INTERNATIONAL STANDARD BOOK NUMBER | |
| International Standard Book Number | 052152735X |
| 020 ## - INTERNATIONAL STANDARD BOOK NUMBER | |
| International Standard Book Number | 9780521527354 |
| 028 42 - PUBLISHER NUMBER | |
| Publisher number | 9780521527354 |
| Source | Cambridge University Press |
| 082 ## - DEWEY DECIMAL CLASSIFICATION NUMBER | |
| Classification number | 535.15 |
| 090 ## - LOCALLY ASSIGNED LC-TYPE CALL NUMBER (OCLC); LOCAL CALL NUMBER (RLIN) | |
| -- | 1703 |
| -- | 1703 |
| 100 1# - MAIN ENTRY--PERSONAL NAME | |
| Personal name | Gerry, Christopher. |
| 245 10 - TITLE STATEMENT | |
| Title | Introductory quantum optics / |
| Statement of responsibility, etc. | Christopher Gerry, Peter Knight. |
| 260 ## - PUBLICATION, DISTRIBUTION, ETC. | |
| Place of publication, distribution, etc. | [S.l.] : |
| Name of publisher, distributor, etc. | Cambridge University Press, |
| Date of publication, distribution, etc. | 2004. |
| 300 ## - PHYSICAL DESCRIPTION | |
| Extent | 332 p. ; |
| Dimensions | 25 cm. |
| 700 1# - ADDED ENTRY--PERSONAL NAME | |
| Personal name | Knight, Peter. |
| 942 ## - ADDED ENTRY ELEMENTS (KOHA) | |
| Institution code [OBSOLETE] | SNS |
| Koha item type | Book |
| Call number prefix | 535.15 GER |
| Withdrawn status | Lost status | Source of classification or shelving scheme | Damaged status | Not for loan | Permanent Location | Current Location | Shelving location | Date acquired | Total Checkouts | Total Renewals | Full call number | Barcode | Date last seen | Date last checked out | Price effective from | Koha item type |
|---|---|---|---|---|---|---|---|---|---|---|---|---|---|---|---|---|
| Not For Loan | School of Natural Sciences (SNS) | School of Natural Sciences (SNS) | Reference | 05/26/2016 | 6 | 5 | 535.15 GER | SNS0001945 | 06/30/2021 | 03/03/2021 | 05/26/2016 | Book | ||||
| School of Natural Sciences (SNS) | School of Natural Sciences (SNS) | 05/26/2016 | 5 | 2 | 535.15 GER | SNS0001944 | 09/19/2023 | 02/04/2022 | 05/26/2016 | Book | ||||||
| School of Natural Sciences (SNS) | School of Natural Sciences (SNS) | 05/26/2016 | 535.15 GER | SNS0001946 | 05/26/2016 | 05/26/2016 | Book | |||||||||
| Not For Loan | School of Natural Sciences (SNS) | School of Natural Sciences (SNS) | Reference | 05/26/2016 | 1 | 535.15 GER | SNS0002013 | 05/28/2018 | 05/20/2017 | 05/26/2016 | Book |
